Normal view
MARC view
Entry Personal Name
001 - CONTROL NUMBER
- control field: 12473
003 - CONTROL NUMBER IDENTIFIER
- control field: ARRUPE
005 - DATE AND TIME OF LATEST TRANSACTION
- control field: 20141107113108.0
008 - FIXED-LENGTH DATA ELEMENTS
- fixed length control field: 141107|| aca||aabn | a|a d
040 ## - CATALOGING SOURCE
- Original cataloging agency: ARRUPE
- Transcribing agency: ARRUPE
100 ## - HEADING--PERSONAL NAME
- Personal name: Carpenter, F. B.
- Fuller form of name: (Francis Bicknell),
- Dates associated with a name: 1830-1900.
670 ## - SOURCE DATA FOUND
- Source citation: Work cat.: (ARRUPE)0: Carpenter, F. B. (Francis Bicknell), 1830-1900., The inner life of Abraham Lincoln :, c1995.